MARC

LEADER 00000nam0a2200000 4500
001 372864
005 20231102012520.0
035 |a (RuTPU)RU\TPU\retro\30289 
035 |a RU\TPU\book\269015 
090 |a 372864 
100 |a 20221215d1927 k y0rusy50 ca 
101 0 |a rus 
102 |a RU 
105 |a a z 000zy 
200 1 |a Elephas primigenius Blum. и Bison priscus H. v. Meyer из района Кемеровского рудника на р. Томи  |e [оттиск статьи]  |f П. М. Рыжков 
210 |a Томск  |d 1927 
215 |a С. 54-70  |c с 19 фиг. 
225 1 |a Известия Сибирского Технологического Института  |v Т. 47 (1), вып. 3 
316 |5 63413507: 179774  |a С автографом автора 
316 |5 63413507: ШкА/553  |a На обложке дарственная надпись: "В библ. Сиб. Техн. Ин-та от Автора" 
317 |5 63413507: 179774  |a Поступила в НТБ в 1940 г. в составе книжного собрания академика М. А. Усова 
606 1 |a Палеонтология  |y Азиатская часть РСФСР  |2 stltpush  |3 (RuTPU)RU\TPU\subj\47999  |9 66881 
610 1 |a труды учёных ТПУ 
610 1 |a библиотека М. А. Усова 
610 1 |a дарственная надпись 
610 1 |a дары автора 
610 1 |a дары библиотеке 
610 1 |a коллекция ТПУ 
675 |a 56(571)  |v 3 
700 1 |a Рыжков  |b П. М. 
801 1 |a RU  |b 63413507  |c 20131231 
801 2 |a RU  |b 63413507  |c 20221215  |g RCR 
942 |c BK